Posilniť jednotu a akcieschopnosť strany Krajský výbor rokoval o 3. zasadaní ÚV KSČ

Bibliographic Details
Main Author: Novotný, Jiří (Author)
Format: Article
Language:Slovak
Subjects:

MARC

LEADER 00000nab a2200000 a 4500
001 vtls000098973
003 SK-MaSNL
005 20260303210201.0
008 160202c1981 xo 0 slo
015 |a SNBRB19rr/mm-uuuuu 
035 |a CL0109076 
040 |a SNKBUCL  |b slo  |c SNKBUCL  |e AACR2 
041 0 |a slo 
044 |a xo  |c SK 
080 |a 329.15(437)  |2 1981 
100 1 |a Novotný, Jiří  |4 aut  |9 265298 
245 1 0 |a Posilniť jednotu a akcieschopnosť strany  |b Krajský výbor rokoval o 3. zasadaní ÚV KSČ  |c Jiří Novotný 
650 0 7 |a KSČ KV  |2 snkbucl  |9 1003860 
651 7 |a 3700  |2 snkbucl  |9 921026 
651 7 |a Jihomoravský kraj (Česko)  |2 snkbucl  |9 200564 
655 7 |a články z novín a časopisov  |2 snkbucl  |9 267496 
773 0 |t Život strany  |g Č. 21 (1981), s. 39-40 
850 |a Slovenská národná knižnica v Martine  |a MTA001 
852 |a SNK  |b KIS3GCP 
958 |a RK 
958 |a CZ 
992 |a RBX 
999 |c 2199152  |d 2201082